| 000 | 00744nam a22002657a 4500 | ||
|---|---|---|---|
| 005 | 20250624172536.0 | ||
| 008 | 160307b2013 xxu||||| |||| 00| 0 spa d | ||
| 020 | _a9788441534131 | ||
| 041 | _aESP | ||
| 082 |
_a005.52 _bCh486m |
||
| 100 | _aCharte Ojeda, Francisco Javier | ||
| 245 | _aManual imprescindible de Word 2013 | ||
| 260 |
_aEspaña _bAnaya _c2013 |
||
| 300 | _a416 páginas | ||
| 490 | _aDirección y Administración de Empresa | ||
| 490 | _aSecretariado Ejecutivo | ||
| 490 | _aTecnologías de la Información | ||
| 650 | _aPROGRAMAS PARA COMPUTADORAS | ||
| 650 | _aWORD 2013 | ||
| 650 | _aFORMATO DE TEXTOS | ||
| 650 | _aPUBLICAR | ||
| 650 | _aPLANTILLAS | ||
| 650 | _aDISEÑO DE FORMULARIOS | ||
| 942 |
_cBK _2ddc |
||
| 999 |
_c7799 _d7799 |
||